Minerva's Owl : (Record no. 17082)
[ view plain ]
| 000 -LEADER | |
|---|---|
| fixed length control field | 00803nam a22002418a 4500 |
| 001 - CONTROL NUMBER | |
| control field | 015600391 |
| 003 - CONTROL NUMBER IDENTIFIER | |
| control field | Uk |
| 005 - DATE AND TIME OF LATEST TRANSACTION | |
| control field | 20130925151625.0 |
| 008 - FIXED-LENGTH DATA ELEMENTS--GENERAL INFORMATION | |
| fixed length control field | 100709r20102009mau 001 0 eng|d |
| 020 ## - INTERNATIONAL STANDARD BOOK NUMBER | |
| International Standard Book Number | 0674057023 (pbk.) : |
| 020 ## - INTERNATIONAL STANDARD BOOK NUMBER | |
| International Standard Book Number | 9780674057029 (pbk.) : |
| 040 ## - CATALOGING SOURCE | |
| Original cataloging agency | StDuBDS |
| Language of cataloging | eng |
| Transcribing agency | StDuBDS |
| 082 04 - DEWEY DECIMAL CLASSIFICATION NUMBER | |
| Classification number | 320.01 |
| Edition number | 22 |
| Item number | ABR |
| 100 1# - MAIN ENTRY--PERSONAL NAME | |
| Personal name | Abramson, Jeffrey B. |
| 9 (RLIN) | 11785 |
| 245 10 - TITLE STATEMENT | |
| Title | Minerva's Owl : |
| Remainder of title | the Tradition of Western Political Thought / |
| Statement of responsibility, etc | Jeffrey Abramson. |
| 260 ## - PUBLICATION, DISTRIBUTION, ETC. (IMPRINT) | |
| Place of publication, distribution, etc | Cambridge, Mass. ; |
| -- | London : |
| Name of publisher, distributor, etc | Harvard University Press, |
| Date of publication, distribution, etc | 2010. |
| 300 ## - PHYSICAL DESCRIPTION | |
| Extent | 388 p. ; |
| Dimensions | 24 cm. |
| 500 ## - GENERAL NOTE | |
| General note | Originally published: 2009. |
| 504 ## - BIBLIOGRAPHY, ETC. NOTE | |
| Bibliography, etc | Includes bibliographical references and index. |
| 650 #0 - SUBJECT ADDED ENTRY--TOPICAL TERM | |
| Topical term or geographic name as entry element | Political science |
| General subdivision | History. |
| 9 (RLIN) | 31265 |
| 653 ## - INDEX TERM--UNCONTROLLED | |
| Resource For college | |
| Arrived date list | November2012 |
| -- | September2013 |
| 942 ## - ADDED ENTRY ELEMENTS (KOHA) | |
| Source of classification or shelving scheme | Dewey Decimal Classification |
| Item type | Book - Borrowing |
| Withdrawn status | Item status | Source of classification or shelving scheme | Damaged status | Not for loan | Vendor | Home library | Current library | Shelving location | Date acquired | Source of acquisition | Total Checkouts | Full call number | Barcode | Date last seen | Date last borrowed | Koha item type | Total Renewals |
|---|---|---|---|---|---|---|---|---|---|---|---|---|---|---|---|---|---|
| Dewey Decimal Classification | Baccah | Central Library | Central Library | First floor | 06/11/2012 | 3 | 320.01 ABR | 000027767 | 15/07/2025 | 09/10/2022 | NB - Book (Non borrowing) | ||||||
| Dewey Decimal Classification | Baccah | Central Library | Central Library | First floor | 06/11/2012 | 15 | 320.01 ABR | 000027768 | 15/07/2025 | 10/10/2021 | Book - Borrowing | 163 | |||||
| Dewey Decimal Classification | Baccah | Central Library | Central Library | First floor | 06/11/2012 | 21 | 320.01 ABR | 000027769 | 15/07/2025 | 09/10/2022 | Book - Borrowing | 122 | |||||
| Dewey Decimal Classification | Baccah | Central Library | Central Library | First floor | 25/09/2013 | 15 | 320.01 ABR | 000028945 | 15/07/2025 | 03/07/2022 | Book - Borrowing | 126 | |||||
| Dewey Decimal Classification | Baccah | Central Library | Central Library | First floor | 25/09/2013 | 19 | 320.01 ABR | 000028946 | 15/07/2025 | 14/12/2021 | Book - Borrowing | 168 | |||||
| Dewey Decimal Classification | Baccah | Central Library | Central Library | First floor | 25/09/2013 | 21 | 320.01 ABR | 000028947 | 15/07/2025 | 14/12/2021 | Book - Borrowing | 128 | |||||
| Dewey Decimal Classification | Baccah | Central Library | Central Library | First floor | 25/09/2013 | 13 | 320.01 ABR | 000028948 | 15/07/2025 | 17/11/2021 | Book - Borrowing | 122 |